| 000 | 00476nam a2200181 i 4500 | ||
|---|---|---|---|
| 001 | bg | ||
| 100 | 1 | _aGOLISZEWSKI, Jerzy | |
| 245 | 0 |
_aTechnika sanitarna / _cJerzy Goliszewski. |
|
| 250 | _aWyd. 2 uzup. | ||
| 260 |
_aPoznań : _bPaństw. Wydawn. Nauk., _c1956. |
||
| 300 |
_as. 556, nlb. 2 : _brys., tab. |
||
| 504 | _a[Zawiera bibliogr. s. 544-546]. | ||
| 040 | _cBPK | ||
| 041 | _apol | ||
| 080 | _a614:628 | ||
| 942 | _cKS | ||
| 008 | s pl f |000 0 pol | ||
| 999 |
_c7040 _d7040 |
||
| 856 |
_uhttp://koha.tu.koszalin.pl/cgi-bin/koha/opac-detail.pl?biblionumber=7040 _yKatalog online BPK |
||